| 000 | 01122cam a22003494a 4500 | ||
|---|---|---|---|
| 999 |
_c535732 _d535732 |
||
| 001 | 14850061 | ||
| 003 | NUST | ||
| 005 | 20200922143720.0 | ||
| 008 | 070515s2007 pk b b 001 0 eng | ||
| 010 | _a 2007379693 | ||
| 020 | _a9694163137 | ||
| 038 | _aArshad | ||
| 040 |
_aDLC _cDLC |
||
| 042 | _alcode | ||
| 043 | _ae-it--- | ||
| 050 | 0 | 0 |
_aDG867 _b.S25 2007 |
| 082 |
_a297.0945 _bSAL |
||
| 100 | 1 |
_aSalierno, Vito. _929458 |
|
| 245 | 1 | 4 |
_aThe Muslims in Italy / _cVito Salierno. |
| 250 | _a1st ed. | ||
| 260 |
_aLahore : _bIqbal Academy Pakistan, _c2007. |
||
| 300 |
_a278 p. : _bcol. maps ; _c23 cm. |
||
| 504 | _aIncludes bibliographical references (p. [237]-260) and index. | ||
| 650 | 0 |
_aArabs _zItaly _zSicily _xHistory _yTo 1500. _930516 |
|
| 650 | 0 |
_aArabs _zItaly, Southern _xHistory _yTo 1500. _930517 |
|
| 650 | 0 |
_aMuslims _zItaly _xHistory. _930518 |
|
| 651 | 0 |
_aItaly _xHistory _y1559-1789. _930519 |
|
| 710 | 2 |
_aIqbal Academy (Lahore, Pakistan) _98 |
|
| 906 |
_a7 _bcbc _corigode _d3 _encip _f20 _gy-gencatlg |
||
| 942 |
_2ddc _cBK |
||